The Mosques of Egypt. (Record no. 17455)
[ view plain ]
| 000 -LEADER | |
|---|---|
| fixed length control field | 01086 am a2200289ua 4500 |
| 001 - CONTROL NUMBER | |
| control field | 008829401 |
| 005 - DATE AND TIME OF LATEST TRANSACTION | |
| control field | 20130513121046.0 |
| 008 - FIXED-LENGTH DATA ELEMENTS--GENERAL INFORMATION | |
| fixed length control field | 930329r19921949enkae | 001 | eng |
| 020 ## - INTERNATIONAL STANDARD BOOK NUMBER | |
| International Standard Book Number | 1874371016 : |
| 020 ## - INTERNATIONAL STANDARD BOOK NUMBER | |
| International Standard Book Number | 1874371024 (v.1) : |
| 020 ## - INTERNATIONAL STANDARD BOOK NUMBER | |
| International Standard Book Number | 1874371032 (v.2) : |
| 082 04 - DEWEY DECIMAL CLASSIFICATION NUMBER | |
| Classification number | 726.20962 |
| Edition number | 20 |
| Item number | MOS |
| 110 1# - MAIN ENTRY--CORPORATE NAME | |
| Corporate name or jurisdiction name as entry element | Egypt. |
| Subordinate unit | Wizarat al-Awqaf |
| 9 (RLIN) | 33167 |
| 240 10 - UNIFORM TITLE | |
| Uniform title | <a href="Masajid Miṣr.">Masajid Miṣr.</a> |
| Language of a work | English |
| 245 14 - TITLE STATEMENT | |
| Title | The Mosques of Egypt. |
| 260 ## - PUBLICATION, DISTRIBUTION, ETC. (IMPRINT) | |
| Place of publication, distribution, etc | London : |
| Name of publisher, distributor, etc | Hazar, |
| Date of publication, distribution, etc | 1992. |
| 300 ## - PHYSICAL DESCRIPTION | |
| Extent | 2 v. (D,141p., 243 leaves of plates) : |
| Other physical details | ill(some col.), plans ; |
| Dimensions | 46cm. + |
| Accompanying material | 2 maps + 1book ([48]p : 40cm (unbound)) |
| 500 ## - GENERAL NOTE | |
| General note | Facsim of. ed. published: Giza : Egyptian Kingdom, Ministry of Waqfs, 1949. |
| 500 ## - GENERAL NOTE | |
| General note | Accompanied by text: Index to Mohammedan monuments in Cairo. - Giza : Survey of Egypt, 1951. |
| 500 ## - GENERAL NOTE | |
| General note | In slip case. |
| 650 #0 - SUBJECT ADDED ENTRY--TOPICAL TERM | |
| Topical term or geographic name as entry element | Mosques |
| Geographic subdivision | Egypt. |
| 9 (RLIN) | 23007 |
| 653 1# - INDEX TERM--UNCONTROLLED | |
| Uncontrolled term | Mosques |
| -- | Architecture |
| 653 1# - INDEX TERM--UNCONTROLLED | |
| Uncontrolled term | Egypt |
| Resource For college | |
| Arrived date list | May2013 |
| 710 2# - ADDED ENTRY--CORPORATE NAME | |
| Corporate name or jurisdiction name as entry element | Maṣlaḥat al-Masaḥah al-Miṣriyah. |
| 9 (RLIN) | 33168 |
| 740 0# - ADDED ENTRY--UNCONTROLLED RELATED/ANALYTICAL TITLE | |
| Uncontrolled related/analytical title | Index to Mohammedan monuments in Cairo. |
| 942 ## - ADDED ENTRY ELEMENTS (KOHA) | |
| Source of classification or shelving scheme | Dewey Decimal Classification |
| Item type | Reference (NB) |
| Withdrawn status | Item status | Source of classification or shelving scheme | Damaged status | Not for loan | Vendor | Home library | Current library | Shelving location | Date acquired | Source of acquisition | Total Checkouts | Full call number | Barcode | Date last seen | Koha item type |
|---|---|---|---|---|---|---|---|---|---|---|---|---|---|---|---|
| Dewey Decimal Classification | Baccah | Central Library | Central Library | Ground Floor | 13/05/2013 | Donation | 726.20962 MOS | 000028721 | 15/07/2025 | Reference (NB) | |||||
| Dewey Decimal Classification | Baccah | Central Library | Central Library | Ground Floor | 13/05/2013 | Donation | 726.20962 MOS | 000028722 | 15/07/2025 | Reference (NB) |